Super Smash Bros Ultimate All Stages - Statistics

General Stats
  • This quiz has been taken 60 times
    36 since last reset
  • The average score is 45 of 103
Answer Stats
Series Stage % Correct
Super Smash Bros Battlefield
77%
Super Smash Bros Final Destination
73%
Pokemon Pokemon Stadium
73%
The Legend of Zelda Temple
69%
Super Mario Bros Mushroom Kingdom
65%
Yoshi's Island Yoshi's Island (Brawl)
65%
Yoshi's Island Yoshi's Island (Melee)
65%
Super Smash Bros Big Battlefield
62%
Super Mario Bros Mushroomy Kingdom
62%
Mother Onett
62%
Super Mario Bros Peach's Castle
62%
F-Zero Big Blue
58%
Kirby Dream Land
58%
Kid Icarus Palutena's Temple
58%
Pokemon Pokemon Stadium 2
58%
Animal Crossing Smashville
58%
Wuhu Island Wuhu Island
58%
Punchout!! Boxing Ring
54%
Star Fox Corneria
54%
WarioWare Gamer
54%
Kirby Green Greens
54%
Sonic the Hedgehog Green Hill Zone
54%
Pokemon Kalos Pokemon League
54%
Pilotwings Pilotwings
54%
Star Fox Venom
54%
Metroid Brinstar
50%
Fire Emblem Castle Siege
50%
Castlevania Dracula's Castle
50%
Duck Hunt Duck Hunt
50%
Xenoblade Gaur Plain
50%
Kirby Halberd
50%
The Legend of Zelda Hyrule Castle
50%
Donkey Kong Country Jungle Japes
50%
Metal Gear Solid Shadow Moses Island
50%
Pokemon Unova Pokemon League
50%
WarioWare WarioWare, Inc.
50%
Wii Fit Wii Fit Studio
50%
Yoshi's Island Yoshi's Story
50%
Balloon Fight Balloon Fight
46%
Metroid Brinstar Depths
46%
Super Mario Bros Delfino Plaza
46%
Donkey Kong Country Kongo Jungle
46%
Super Mario Bros Mario Galaxy
46%
Splatoon Moray Towers
46%
Super Mario Bros New Donk City Hall
46%
Mother New Pork City
46%
Pac-Man Pac-Land
46%
Pictochat Pictochat 2
46%
Tomodachi Life Tomodachi Life
46%
Sonic the Hedgehog Windy Hill Zone
46%
Wrecking Crew Wrecking Crew
46%
The Legend of Zelda Bridge of Eldin
42%
Pikmin Garden of Hope
42%
Nintendogs Living Room
42%
Star Fox Lylat Cruise
42%
Super Mario Bros Mario Circuit
42%
Metroid Norfair
42%
Super Mario Bros Paper Mario
42%
Kid Icarus Skyworld
42%
Pokemon Spear Pillar
42%
Kirby The Great Cave Offensive
42%
Bayonetta Umbra Clock Tower
42%
Donkey Kong Country 75 m
38%
Game & Watch Flat Zone X
38%
Kirby Fountain of Dreams
38%
Electroplankton Hanenbow
38%
Mother Magicant
38%
Super Mario Bros Mushroom Kingdom U
38%
Super Mario Bros Rainbow Cruise
38%
Pokemon Saffron City
38%
Ice Climber Summit
38%
Super Mario Bros Super Mario Maker
38%
Animal Crossing Town & City
38%
Fire Emblem Coliseum
35%
Pikmin Distant Planet
35%
The Legend of Zelda Great Bay
35%
Donkey Kong Country Kongo Falls
35%
Super Mario Bros Luigi's Mansion
35%
Super Mario Bros Mario Bros
35%
Final Fantasy Midgar
35%
Super Mario Bros Mushroom Kingdom II
35%
Super Mario Bros Princess Peach's Castle
35%
The Legend of Zelda Skyloft
35%
Mega Man Wily Castle
35%
The Legend of Zelda Great Plateau Tower
31%
F-Zero Port Town Aero Dive
31%
Yoshi's Island Super Happy Tree
31%
Mother Fourside
27%
The Legend of Zelda Gerudo Valley
27%
F-Zero Mute City SNES
27%
Pokemon Prism Tower
27%
Kid Icarus Reset Bomb Forest
27%
Street Fighter Suzaku Castle
27%
Animal Crossing Tortimer Island
27%
Fire Emblem Arena Ferox
23%
Super Mario Bros Figure-8 Circuit
23%
Metroid Frigate Orpheon
23%
Super Mario Bros Golden Plains
23%
The Legend of Zelda Pirate Ship
23%
Super Mario Bros 3D Land
19%
Kirby Dream Land GB
15%
The Legend of Zelda Spirit Train
15%
Find Mii Street Pass Quest
4%
No matching quizzes found
Score Distribution
Percent of People with Each Score
Percentile by Number Answered
Your Score History
You have not taken this quiz since the last reset